02008nam a2200337 i 4500001001000000003000900010005001700019007000300036008004100039040003000080041000800110082002300118100005400141245005600195264006900251300002700320336002700347337003300374338002800407505041200435590002600847600005800873650003300931650004800964910004001012942001401052952014101066952025601207952019001463999001701653000027697DO-SdBNP20250724140831.0ta110404s1946 ag 000 | spa d aDO-SdBNPbspacBNPHUerda aspa 4a940.3bH519ó2221 aHenríquez Ureña, Max,d1885-1968eautor9262110aOratoria de dos guerras /cMax Henríquez Ureña. 4aBuenos Aires, Argentina :bTalleres Gráficos Americaleec1946. a59 páginas ;c20 cm. atextobtxt2rdacontent asin mediaciónbn2rdamedia avolumenbnc2rdacarrier a1914-1918: Francia y el genio latino, 9 -- Bélgica y las pequeñas nacionalidades, 15 -- Bélgica ante América, 19-- Interludio: El continente de la esperanza, 25 -- 1939-1945: América ante la crisis mundial, 31 -- Presencia y síntesis de las guerra , 37 -- El legado de la cultura, 48 -- La tradición democrática del municipio, 51 -- La democracia, hija del libro, 55 Toque de Diana, 58, -- aInventariado, 2024/DG10aHenríquez Ureña, Max,d1885-196892621xDiscursos 4aDiscursos políticos910037 4aGuerra Mundial, 1939-1945913822xDiscursos aDG/Validado. Control de Calidad/MAA 2ddccLBS1 00102ddc51708PD-RVaBNPHUbBNPHUcHDd2011-04-04l0oBNPHU PD-RV 940.3 H519óp27697-10r2020-06-25w2020-06-25yLBS1ZNo se presta 00102ddc51708PD-RVaBNPHUbBNPHUcHDd2024-11-21eDonado por la Presidencia de la República Dominicana 2023l0oBNPHU PD-RV 940.3 H519óp2024-6532r2024-11-21te.2w2024-11-21yLBS1zPertenecio a la biblioteca personal de Emilio Cordero Michel 00102ddc55708RVaBNPHUbBNPHUcHDd2025-07-23l0oBNPHU DS-RV 940.3 H519óp2025-7088r2025-07-23te.3w2025-07-23yLBS1zPerteneció a la biblioteca personal de Carlos Larrazabal c27189d27189